000 00440nam a2200157Ia 4500
003 GCL
008 140319s9999 xx 000 0 ara d
040 _aGCL /
_cGCL
082 0 4 _a813.03
_bا ع
100 1 _aاحمد الصاوى محمد
245 1 0 _aعذراء الاندلس /
_cاحمد الصاوى محمد
490 _aاقرأ
_v0
650 0 4 _aالادب العربى
650 0 4 _aالقصص العربية
942 _2ddc
_cBK
999 _c46815
_d46815